000 00588nam a2200193 a 4500
001 000034886
005 20200930073950.0
008 111021s1970 fr 000 0 spa d
040 _aDO-SdBNP
_bfr
_cBNPHU
082 _axxx
_bB651s
100 1 _aBloch, Marc
_960446
245 1 3 _aLa société féodale /
_cMarc Bloch.
260 _aParis :
_bAlbin Michel,
_c1970.
300 _a702 p. ;
_c18 cm.
500 _aIncluye índice
504 _aIncluye referencias biliográficas y notas.
590 _aPerteneció a la biblioteca personal de Juan Isidro Jimenes Grullón.
049 _aBNGR
999 _c34377
_d34377